01375cam a22003257a 450000100090000000300040000900500170001300800410003001000170007101600180008802000250010602000220013103500240015304000760017704200140025305000230026708200200029024500590031026000690036930000330043849000480047150001110051950400410063065000250067170000230069671000410071985601060076085600910086685600920095716294340OSt20150408114205.0100621s2010 dcua b 000 0 eng d a 20109310267 a0157687402Uk a9780883853498 (pbk.) a0883853493 (pbk.) a(OCoLC)ocn650220783 aBTCTAbengcBTCTAdYDXCPdGSUdIXAdCDXdUBFdUNAdUKMGBdNJRdVP@dDLC alccopycat00aGV706.8b.M37 201004a796.02222bMAS00aMathematics and sports /cedited by Joseph A. Gallian. a[Washington, DC] :bMathematical Association of America,cc2010. axi, 329 p. :bill. ;c23 cm.0 aDolciani mathematical expositions ;vno. 43 a" ... compendium of essays solicited for the 2010 Mathematics Awareness Month web page..."P. [4] of cover. aIncludes bibliographical references. 0aSportsxMathematics.1 aGallian, Joseph A.2 aMathematical Association of America.423Contributor biographical informationuhttp://www.loc.gov/catdir/enhancements/fy1209/2010931026-b.html423Publisher descriptionuhttp://www.loc.gov/catdir/enhancements/fy1209/2010931026-d.html413Table of contents onlyuhttp://www.loc.gov/catdir/enhancements/fy1209/2010931026-t.html